MAMÚ / (Registro nro. 10159)
[ vista simple ]
| 000 -LIDER | |
|---|---|
| fixed length control field | 00948nam a22003377a 4500 |
| 001 - NÚMERO DE CONTROL | |
| Identificador de número de control | 2964004 |
| 003 - IDENTIFICACDOR DE NÚMERO DE CONTROL | |
| control field | DO-SdBNP |
| 005 - DATE AND TIME OF LATEST TRANSACTION | |
| control field | 20180221155115.0 |
| 007 - CAMPOS FIJOS DE DESCRIPCIÓN FÍSICA | |
| fixed length control field | 2964004 |
| 008 - ELEMENTOS DE LONGITUD FIJA | |
| fixed length control field | 910110s2002 sp a 000 0 hun |
| 010 ## - NUMERO DE CONTROL DE BIBLIOTECA DEL CONGRESO | |
| LC control number | |
| 020 ## - ISBN | |
| International Standard Book Number | 8421612077 |
| 040 ## - FUENTE DE CATALOGACIÓN | |
| Agencia que crea de manera original el registro | BPMSU |
| Idioma de catalogación | spa |
| Agencia que realiza la transcripción | BPMSU |
| 050 00 - NÚMERO DE CLASIFICACIÓN BIBLIOTECA DEL CONGRESO | |
| Classification number | |
| 100 ## - ASIENTO PRINCIPAL -- NOMBRE PERSONAL | |
| Nombre personal | Perera, Hilda |
| 245 10 - MENCIÓN DE TITULO | |
| Título | MAMÚ / |
| Subtítulo | |
| Mención de responsabilidad | Hilda Perera ; ilustración Luis Sánchez Robles ; edición Cristina González |
| 250 ## - MENCIÓN DE EDICION | |
| Mención de edición | 16a. ed. |
| 260 ## - PUBLICACIÓN, DISTRIBUCIÓN, ETC. (PIE DE IMPRENTA) | |
| Lugar de publicación, distribución, etc | Madrid : |
| Nombre del editor, distribuidor, etc. | Bruno, |
| Fecha de publicación, distribución, etc | 2002. |
| 300 ## - DESCRIPCIÓN FÍSICA | |
| Extensión | 121 p. : |
| Otros detalles físicos | il. ; |
| Dimensiones | 20 cm. |
| 490 ## - MENCIÓN DE SERIES | |
| Mención de serie | Alta Mas |
| Volume/sequential designation | 29 |
| 500 ## - NOTA GENERAL | |
| Nota general | |
| 521 ## - TARGET AUDIENCE NOTE | |
| Target audience note | A partir de 8 años. |
| 586 ## - AWARDS NOTE | |
| Awards note | Premio Lazarillo, 1975 y 1978. |
| 586 ## - AWARDS NOTE | |
| Awards note | Lista de honor premio CCEI, 1991. |
| 700 1# - ASIENTO SECUNDARIO -- NOMBRE PERSONAL | |
| Nombre personal | Sánchez Robles, Luis |
| Mención de responsabilidad | il. |
| 700 1# - ASIENTO SECUNDARIO -- NOMBRE PERSONAL | |
| Nombre personal | González, Cristina |
| Mención de responsabilidad | ed. |
| 830 ## - ASIENTO SECUNDARIO DE SERIE--TÍTULO UNIFORME | |
| Título uniforme | Alta Mas |
| Volume number/sequential designation | 29 |
| 942 ## - ADDED ENTRY ELEMENTS (KOHA) | |
| Source of classification or shelving scheme | Dewey Decimal Classification |
| Koha item type | Libros |
| 945 ## - INFORMACIÓN DE PROCESAMIENTO LOCAL | |
| Información de procesamiento local | Inventariado, 2018/ YL |
| 956 ## - LOCAL ELECTRONIC LOCATION AND ACCESS (OCLC) | |
| Nombre de host | VMATEO |
| Número de acceso | 10 |
| Información de compresión | 20160518 |
| Trayectoria | 0069 |
| Withdrawn status | Lost status | Source of classification or shelving scheme | Damaged status | Not for loan | Collection code | Home library | Current library | Date acquired | Source of acquisition | Total Checkouts | Barcode | Date last seen | Price effective from | Koha item type |
|---|---|---|---|---|---|---|---|---|---|---|---|---|---|---|
| Dewey Decimal Classification | Colección Infantil General | Biblioteca Pública Metropolitana Salomé Ureña | Biblioteca Pública Metropolitana Salomé Ureña | 05/18/2016 | FUNDI | BPMSU16050375 | 05/18/2016 | 05/18/2016 | Libros |